কলরব / (Record no. 77493)
[ view plain ]
| 000 -LEADER | |
|---|---|
| fixed length control field | 00866nam a22002417a 4500 |
| 001 - CONTROL NUMBER | |
| control field | 77493 |
| 003 - CONTROL NUMBER IDENTIFIER | |
| rucl marc code | BD-RjUL |
| 005 - DATE AND TIME OF LATEST TRANSACTION | |
| control field | 20211209082958.0 |
| 008 - FIXED-LENGTH DATA ELEMENTS--GENERAL INFORMATION | |
| fixed length control field | 201001s2019 bg ||||| |||| 00| 0 ben d |
| 020 ## - INTERNATIONAL STANDARD BOOK NUMBER | |
| International Standard Book Number | 9789849370541 |
| 035 ## - SYSTEM CONTROL NUMBER | |
| System control number | (BD-RjUL)77718 |
| 040 ## - CATALOGING SOURCE | |
| Original cataloging agency | BD-RjUL |
| Language of cataloging | eng |
| Transcribing agency | BD-RjUL |
| 041 ## - LANGUAGE CODE | |
| Language code of text/sound track or separate title | eng |
| 082 ## - DEWEY DECIMAL CLASSIFICATION NUMBER | |
| Edition number | 23 |
| Classification number | 297.2 |
| Author mark and year | KUK 2019 |
| 100 ## - MAIN ENTRY--PERSONAL NAME | |
| Personal name | তুরুকখালী, আব্দুল হান্নান |
| 9 (RLIN) | 241684 |
| 245 ## - TITLE STATEMENT | |
| Title | কলরব / |
| Statement of responsibility, etc. | আব্দুল হান্নান তুরুকখালী |
| 260 ## - PUBLICATION, DISTRIBUTION, ETC. (IMPRINT) | |
| Place of publication, distribution, etc. | সিলেট : |
| Name of publisher, distributor, etc. | ছাপাকানন, |
| Date of publication, distribution, etc. | ২০১৯ |
| 300 ## - PHYSICAL DESCRIPTION | |
| Pagination | ৫৭৬ পৃ. ; |
| Size | ২২ সেমি. |
| 650 ## - SUBJECT ADDED ENTRY--TOPICAL TERM | |
| Topical term or geographic name as entry element | Islam |
| General subdivision | Doctrines |
| 9 (RLIN) | 241685 |
| Topical term or geographic name as entry element | ইসলাম - মতবাদ |
| Form subdivision | ইসলাম ও দর্শন |
| 9 (RLIN) | 242232 |
| Topical term or geographic name as entry element | Islam and philosophy |
| 9 (RLIN) | 241686 |
| 942 ## - ADDED ENTRY ELEMENTS (KOHA) | |
| Source of classification or shelving scheme | Dewey Decimal Classification |
| Koha item type | Books |
| Lost status | Source of classification or shelving scheme | Damaged status | Not for loan | Permanent Location | Current Location | Shelving location | Date acquired | Source of acquisition | Cost, normal purchase price | Total Checkouts | Full call number | Date last seen | Copy number | Koha item type |
|---|---|---|---|---|---|---|---|---|---|---|---|---|---|---|
| Dewey Decimal Classification | Not For Loan | Central Library, University of Rajshahi | Central Library, University of Rajshahi | Reading Room | 02/09/2020 | Author | 720.00 | B 297.2 KUK 2019 | 01/10/2020 | C-1 | Books | |||
| Dewey Decimal Classification | Central Library, University of Rajshahi | Central Library, University of Rajshahi | 02/09/2020 | Author | 720.00 | B 297.2 KUK 2019 | 01/10/2020 | C-2 | Books |